| 000 | 01378nam2a22003251 4500 | ||
|---|---|---|---|
| 001 | rc\3544174 | ||
| 005 | 20201021142021.0 | ||
| 035 | _a(NLR Aleph) 007671646 | ||
| 090 |
_a6440746 _c6440746 |
||
| 100 | _a20130115d1974 |||y0rusy50 ca | ||
| 101 | 0 | _arus | |
| 102 | _aRU | ||
| 105 | _ay z ||||| | ||
| 200 | 1 |
_aВопросы романо-германской филологии _e[Сборник статей _fОтв. ред. доц., канд. филол. наук К.Б. Карпов] |
|
| 210 |
_aМосква _cБ. и. _d1974 |
||
| 215 |
_a300 с. _d25 |
||
| 225 | 0 |
_aСборник научных трудов _fМосковский гос. пед. ин-т иностранных языков им. Мориса Тореза. _vВып. 82 |
|
| 300 | _aНа обл. только загл. сер. | ||
| 320 | _aСписки лит. в конце статей | ||
| 461 | 0 |
_1001RU\NLR\INFOCOMM44\1000024015 _12001#$aВестник МГЛУ$fМоск. гос. лингв. ун-т$vВып. 82 |
|
| 606 |
_aРоманские языки _jСборники _2psbo |
||
| 606 |
_aГерманские языки _jСборники _2psbo |
||
| 702 | 1 |
_aКарпов _bК. Б. _gКирилл Борисович _4340 |
|
| 801 | 0 |
_aRU _bNLR _gpsbo |
|
| 801 | 1 |
_aRU _bELAR _2rusmarc |
|
| 852 |
_aNLR _jП28/377 |
||
| 942 | _cISSUE | ||
| 980 | _aNB | ||
| 980 | _aRUSPER | ||